| 000 | 00798nam a2200253Ia 4500 | ||
|---|---|---|---|
| 005 | 20250508162610.0 | ||
| 008 | 008 250505s9999 xx 000 0 eng d | ||
| 020 | _a0-13-795139-6 | ||
| 037 | _aBooks to be hide in OPAC | ||
| 040 |
_aFEDL _beng _cFEDL |
||
| 041 |
_aeng _2eng |
||
| 084 |
_a001.42, NEA _qFEDL |
||
| 100 | _aNeale John M | ||
| 245 | 0 | _aScience and behavior: An introduction to methods of research | |
| 250 | _a3 | ||
| 260 |
_aEnglewood Cliffs, New Jersey, USA _bPrentice - Hall _c1986 |
||
| 300 | _axii,324p | ||
| 365 |
_aUSD _b31.95 |
||
| 490 | _aPrentice - Hall series in social learning theory | ||
| 650 |
_aSocial Science- Research-Methodology _9773555 |
||
| 700 |
_a Liebert Robert M _9773556 |
||
| 942 |
_cHB _h001.42, NEA |
||
| 999 |
_c1377560 _d1377560 |
||